Manual de paleografía diplomática española de los siglos XII al XVII (Record no. 7274)

MARC details
000 -CABECERA
campo de control de longitud fija 00711nam a2200205 a 4500
001 - NÚMERO DE CONTROL
campo de control BRCA_7600
005 - FECHA Y HORA DE LA ÚLTIMA TRANSACCIÓN
campo de control 20190320205915.0
008 - DATOS DE LONGITUD FIJA--INFORMACIÓN GENERAL
campo de control de longitud fija 220613s1880----sp-a######---#000-0#spa-#
041 ## - CÓDIGO DE LENGUA
Código de lengua del texto/banda sonora o título independiente spa
044 ## - CÓDIGO DEL PAÍS DE LA ENTIDAD EDITORA/PRODUCTORA
Código MARC del país sp
050 #4 - SIGNATURA TOPOGRÁFICA DE LA BIBLIOTECA DEL CONGRESO
Número de clasificación Z115.E8
Número de documento/Ítem .M86 1880
100 1# - ENTRADA PRINCIPAL--NOMBRE DE PERSONA
Nombre de persona Muñoz y Rivero, Jesús
9 (RLIN) 18745
245 10 - MENCIÓN DE TÍTULO
Título Manual de paleografía diplomática española de los siglos XII al XVII
Resto del título método teórico-práctico para aprender a leer los documentos españoles de los siglos XII al XVII
Mención de responsabilidad, etc. por Jesús Muñoz y Rivero.
260 ## - PUBLICACIÓN, DISTRIBUCIÓN, ETC.
Lugar de publicación, distribución, etc. Madrid
Nombre del editor, distribuidor, etc. De Moreno y Rojas
Fecha de publicación, distribución, etc. 1880
300 ## - DESCRIPCIÓN FÍSICA
Extensión clxxv, 301 p.
Otras características físicas il., 179 láminas
Dimensiones 19 cm.
500 ## - NOTA GENERAL
Nota general S122
650 14 - PUNTO DE ACCESO ADICIONAL DE MATERIA--TÉRMINO DE MATERIA
Término de materia o nombre geográfico como elemento de entrada Paleografía española
9 (RLIN) 18746
902 ## - CATALOGADOR
Iniciales GFM
942 ## - ELEMENTOS DE PUNTO DE ACCESO ADICIONAL (KOHA)
Fuente del sistema de clasificación o colocación Library of Congress Classification
Tipo de ítem Koha Libros
Holdings
Estado de retiro Estado de pérdida Estado dañado No para préstamo Localización permanente Ubicación/localización actual Fecha de adquisición Número de inventario Total de préstamos Signatura topográfica completa Código de barras Fecha visto por última vez Precio válido a partir de Tipo de ítem Koha
El ejemplar forma parte de la colección y puede ser consultado según las políticas vigentes.       Biblioteca del Museo Franz Mayer (Rogerio Casas-Alatriste) Biblioteca del Museo Franz Mayer (Rogerio Casas-Alatriste) 20/06/2013 S122   Z115.E8 .M86 1880 (S122) 8208 22/03/2019 22/03/2019 Libros